书目信息 |
| 题名: |
怎样选择车削步骤
|
|
| 作者: | 陈家芳 编著 | |
| 分册: | ||
| 出版信息: | 北京 机械工业出版社 1966.02 |
|
| 页数: | 58页 | |
| 开本: | 19cm | |
| 丛书名: | 机械工人学习材料 | |
| 单 册: | ||
| 中图分类: | TG506 | |
| 科图分类: | ||
| 主题词: | 金属切削 , 机床 , 金属加工--机具 | |
| 电子资源: | ||
| ISBN: | ||
| 000 | 00701nam0 2200253 45 | |
| 001 | 0310151547 | |
| 005 | 20060417095446.53 | |
| 010 | @dCNY0.20 | |
| 091 | @aT15033.4031 | |
| 100 | @a20031015d1966 km y0chiy0120 ea | |
| 101 | 0 | @achi |
| 105 | @aa z 000yy | |
| 200 | 1 | @a怎样选择车削步骤@AZen Yang Xuan Ze Che Xue Bu Zhou@f陈家芳编著@FChen Jia Fang Bian Zhu |
| 210 | @a北京@c机械工业出版社@d1966.02 | |
| 215 | @a58页@c插图@d19cm | |
| 225 | @a机械工人学习材料 | |
| 410 | @12001 @a机械工人学习材料 | |
| 606 | 0 | @a金属切削 |
| 606 | 0 | @a机床 |
| 606 | 0 | @a金属加工@x机具 |
| 690 | @aTG506@v3 | |
| 701 | 0 | @a陈家芳@4编著 |
| 801 | @aCN@bTSTC@c20060417 | |
| 905 | @dTG506@e11@f1@b17463@f1@b17471 | |
| 怎样选择车削步骤/陈家芳编著.-北京:机械工业出版社,1966.02 |
| 58页:插图;19cm.-(机械工人学习材料) |
| ISBN :CNY0.20 |
| ● |
| 相关链接 |
|
|
|
|
正题名:怎样选择车削步骤
索取号:TG506/11
 
预约/预借
| 序号 | 登录号 | 条形码 | 馆藏地/架位号 | 状态 | 备注 |
| 1 | 0017460 | 202260347 | 密集书库/ [索取号:TG506/11] | 在馆 | |
| 2 | 0017461 | 202260356 | 密集书库/ [索取号:TG506/11] | 在馆 | |
| 3 | 0017462 | 202260383 | 密集书库/ [索取号:TG506/11] | 在馆 | |
| 4 | 0017463 | 001363134 | 第三借阅区/ [索取号:TG506/11] | 在馆 | |
| 5 | 0017464 | 202260392 | 密集书库/ [索取号:TG506/11] | 在馆 | |
| 6 | 0017466 | 202260310 | 密集书库/ [索取号:TG506/11] | 在馆 | |
| 7 | 0017467 | 001674325 | 密集书库/ [索取号:TG506/11] | 在馆 | |
| 8 | 0017471 | 001363170 | 第三借阅区/ [索取号:TG506/11] | 在馆 |